| 000 | 01614cam a22004334i 4500 | ||
|---|---|---|---|
| 003 | PE-LiUPU | ||
| 005 | 20250731175646.0 | ||
| 008 | 150616s1992 mdu r 000 0 eng d | ||
| 020 | _a0801842514 | ||
| 035 | _a(Sirsi) i9780801842511 | ||
| 040 |
_aPE-LiUPU _bspa _cPE-LiUPU _erda |
||
| 049 | _aPRUA | ||
| 082 | 0 | 4 |
_a492.1 _bA15 _221 |
| 245 | 0 | 4 |
_aThe Amarna Letters / _ceditado y traducido por William L. Moran. |
| 264 | 1 |
_aBaltimore, Maryland : _bThe Johns Hopkins University Press, _c1992. |
|
| 300 |
_a393 páginas ; _c24 centímetros |
||
| 336 |
_atext _2rdacontent |
||
| 337 |
_aunmediated _2rdamedia |
||
| 338 |
_avolume _2rdacarrier |
||
| 505 | 0 | _aThe Amarna letters. | |
| 526 | _aP145 | ||
| 526 | _aP127 | ||
| 526 | _aP97 | ||
| 526 | _aP35 | ||
| 526 | _aP14 | ||
| 526 | _aP07 | ||
| 650 | 0 | 4 |
_aAcadio _vTextos. |
| 650 | 0 | 4 |
_aCartas asirio-babilónicas _xTraducciones al inglés. |
| 650 | 0 | 4 |
_aEgipto _xHistoria _yXVIII dinastía, ca. 1570-1320 aC _xFuentes. |
| 650 | 0 | 4 |
_aOriente Medio _xHistoria _yHacia 622 _xFuentes. |
| 700 | 1 |
_aMoran, William L., _etraductor. |
|
| 910 |
_ajck _bjvq _cjck |
||
| 942 |
_2ddc _cBOOK |
||
| 949 |
_a492.1 A15 _wDEWEY _c1 _i43227 _d2016-10-7 _e2016-10-4 _lCCODEBUL1 _mBUL _n2 _r0 _sY _tBOOK _u2015-6-16 _xTEOLOGIA _zUNKNOWN _0COMPRA _o.STAFF. Colección Teología |
||
| 994 |
_aC0 _bPEPRU |
||
| 596 | _a1 | ||
| 999 |
_a492.1 A15 _wDEWEY _c61190 _i43227 _d61190 _e2019-10-30 _f2021-11-11 _g5 _lCCODEBUL1 _mBUL _n3 _p20.00 _r0 _sY _tBOOK _u2015-6-16 _xTEOLOGIA _PP35 _0COMPRA _o.STAFF. Colección Teología |
||
| 980 |
_81 _gALBERTO SANCHEZ Responsable de Automatización |
||